Burning bright (Record no. 77848)

MARC details
000 -LEADER
fixed length control field 00645nam a2200181 a 4500
008 - FIXED-LENGTH DATA ELEMENTS--GENERAL INFORMATION
fixed length control field 160923s2007 ||||||||||||||||| || u
020 ## - INTERNATIONAL STANDARD BOOK NUMBER
International Standard Book Number 9780007178360
050 ## - LIBRARY OF CONGRESS CALL NUMBER
Classification number PS 3553.H4367B87
100 ## - MAIN ENTRY--PERSONAL NAME
Personal name Chevalier, Tracy
245 10 - TITLE STATEMENT
Title Burning bright
Statement of responsibility, etc. Tracy Chevalier
260 ## - PUBLICATION, DISTRIBUTION, ETC.
Place of publication, distribution, etc. London
Name of publisher, distributor, etc. HarperCollins Publishers
Date of publication, distribution, etc. 2007
260 ## - PUBLICATION, DISTRIBUTION, ETC.
Place of publication, distribution, etc. London
Name of publisher, distributor, etc. Harper
Date of publication, distribution, etc. 2007
300 ## - PHYSICAL DESCRIPTION
Extent 390 p.
350 ## -
-- 8.49
650 ## - SUBJECT ADDED ENTRY--TOPICAL TERM
Topical term or geographic name entry element ENGLISH LANGUAGE
856 ## - ELECTRONIC LOCATION AND ACCESS
Uniform Resource Identifier http://www.loc.gov/catdir/toc/ecip0619/2006026898.html
995 ## -
-- FICTION Collection
-- 746793
-- CBU-MAIN LIBRARY (Kitwe)
-- 8.49
-- PS 3553.H4367 B87
-- 1
-- AVAILABLE
-- Sep 23, 2016
-- 746793
-- Fiction Collection
999 ## -
-- 77848
-- 77848
Holdings
Withdrawn status Lost status Source of classification or shelving scheme Damaged status Not for loan Permanent Location Current Location Shelving location Date acquired Total Checkouts Full call number Barcode Date last seen Copy number Price effective from Koha item type
          CBU-MAIN LIBRARY, KITWE. CBU-MAIN LIBRARY, KITWE.   05/03/2023   PS 3553.H4367B87 746793 05/03/2023 1 05/03/2023 FICTON COLLECTON